Psychology (02/03) /

Đã lưu trong:
书目详细资料
主要作者: Duffy, Karen G.
格式: 图书
语言:English
出版: USA : Mc graw-hill. 2002
主题:
标签: 添加标签
没有标签, 成为第一个标记此记录!
Thư viện lưu trữ: Mạng thư viện Đại học Đà Nẵng
LEADER 00889nam a22002771a 4500
001 000034567
003 10770
005 20221108081833.0
008 151027s2002 000 eng
020 |a 0072506342 
041 |a eng 
082 |a 420.30  |b DU-K 
100 |a Duffy, Karen G. 
245 0 |a Psychology (02/03) /  |c Karen G.Duffy. 
260 |c 2002  |a USA :  |b Mc graw-hill. 
300 |a 221p. : ;  |c 30cm. 
650 |a Psychology  |a family 
OWN |a LNN 
AVA |a UDN50  |b LNN  |c English  |d 420.30 DU-K  |e available  |t Error 5001 Not defined in file expand_doc_bib_avail.  |f 2  |g 0  |h N  |i 0  |j AN  |k 1 
999 |a From the UDN01 
AVA |a UDN50  |b LNN  |c English  |d 420.30 DU-K  |e available  |t Error 5001 Not defined in file expand_doc_bib_avail.  |f 2  |g 0  |h N  |i 0  |j AN  |k 1 
TYP |a Monograph 
980 |a Mạng thư viện Đại học Đà Nẵng